| 000 | 01037nam a2200241 i 4500 | ||
|---|---|---|---|
| 001 | 54655 | ||
| 003 | ES-MaACL | ||
| 005 | 20250826151005.0 | ||
| 007 | t| | ||
| 008 | 931025s1886 sp a ||||1| spa d | ||
| 100 | 1 |
_aFuertes Acevedo, Máximo. _952961 |
|
| 245 | 1 | 0 |
_aVida y escritos del marqués de Santa Cruz de Marcenado / _cpor Don Máximo Fuertes Acevedo ; con un prólogo de Don Luis Vidart. |
| 260 |
_aMadrid : _b[s.n.], _c1886 ( _fEst. Tip. de Enrique Rubiños) |
||
| 300 |
_aXXVI, 203 p., [1] h. pleg., [1] h. de lám. : _b2 il. ; _c28 cm. |
||
| 500 | _aApéndices. | ||
| 530 | _aDisponible en formato digital. | ||
| 599 | _aRetr. de Álvaro Navia-Ossorio . H. pleg.: "Genealogía de los Navia-Osorio" | ||
| 600 | 1 | 7 |
_aSanta Cruz de Marcenado, Alvaro Navia Ossorio, _cMarqués de- _xBiografías _2 _9132422 |
| 700 | 1 |
_aVidart, Luis, _d1833-1897 _9114538 |
|
| 852 |
_aES-MaACL _jT-790-F-3 |
||
| 856 |
_uhttp://bdh-rd.bne.es/viewer.vm?id=0000053812&page=1 _zBiblioteca Digital Hispánica |
||
| 999 |
_c54655 _d54655 |
||